00958nam a2200241Ia 450000100060000000300090000600800410001504000130005604000130006904100130008210000180009510000290011324500780014224500780022025000110029826000130030926000270032226000490034930000430039850002290044165000150067065000310068525377IT-RoPAU130308s9999 xx 000 0 und d aIT-RoPAU cIT-RoPAU aFRANCESE aBoudon Pierre gCodice Aut. SPICS: 11833 aIntroduction a une semiotique des lieux-ecriture, craphisme, architecture bIntroduction a Une Semiotique des Lieux-Ecriture, Graphisme, Architecture a1a ed. aMONTREAL bPresses Universitaires c1981 [1° Ed.:1981 - Ed.Ling.Originale:1981] a"290 p. (prefazione: no ; testo: 290)" aIntroduzione a una Semiotica dei luoghi Scrittura Grafismo Architettura Grammatiche Iconografiche Concetto di figurazione prime Definizioni di Luogo Scenografie Campo e piano Punto di Vista Reale immaginario topico e Iconico aSEMIOLOGIA eCodice materia Spics: 3251